000 00360nam a2200145 i 4500
001 bg
100 1 _aHERLINGER, Juliusz Jerzy
245 0 _aNiezwykłe perypetie odkryć i wynalazków /
_cJ.J. Herlinger.
260 _aWarszawa,
_c1985.
040 _cBPK
041 _apol
080 _a5:61:159.96
942 _cKS
008 s pl f |000 0 pol
999 _c2518
_d2518
856 _uhttp://koha.tu.koszalin.pl/cgi-bin/koha/opac-detail.pl?biblionumber=2518
_yKatalog online BPK